改称したJR駅 - Statistics

General Stats
  • This quiz has been taken 677 times
  • The average score is 42 of 96
Answer Stats
改称日 旧駅名 新駅名 % Correct
2004/03/13 西鹿児島 鹿児島中央
90%
2011/03/12 船小屋 筑後船小屋
86%
1997/04/01 留萠 留萌
85%
2002/12/01 沼宮内 いわて沼宮内
85%
1997/03/22 鳴子 鳴子温泉
84%
1994/12/03 いわき
82%
2005/03/01 城崎 城崎温泉
82%
1993/04/01 石和 石和温泉
81%
1991/12/01 長野原 長野原草津口
80%
1992/03/14 千葉港 千葉みなと
79%
1993/04/01 勝沼 勝沼ぶどう郷
79%
2008/03/15 雄琴 おごと温泉
78%
1992/07/01 千歳空港 南千歳
77%
1994/09/04 嵯峨 嵯峨嵐山
77%
1991/03/16 大鰐 大鰐温泉
76%
2003/10/01 小郡 新山口
76%
2007/03/18 西ノ宮 西宮
76%
2020/03/14 佐貫 龍ケ崎市
76%
2022/09/23 肥前山口 江北
76%
1998/04/11 斜里 知床斜里
75%
1988/03/13 面白山 面白山高原
74%
2016/03/26 渡島大野 新函館北斗
74%
2022/03/12 石狩当別 当別
73%
1988/03/13 川湯 川湯温泉
72%
1992/07/01 上ノ山 かみのやま温泉
68%
2022/03/12 石狩太美 太美
67%
1991/12/01 川原湯 川原湯温泉
66%
2008/03/15 西大津 大津京
66%
2015/03/14 脇野田 上越妙高
61%
1991/06/20 陸中川尻 ほっとゆだ
60%
2022/03/12 東風連(移転) 名寄高校
60%
1994/09/04 湊町 JR難波
60%
1995/12/01 陸中花輪 鹿角花輪
58%
1997/04/01 北一己 北一已
55%
1991/12/14 湯谷 湯谷温泉
52%
1994/09/04 叡山 比叡山坂本
51%
1991/12/14 下部 下部温泉
50%
2019/03/16 東寝屋川 寝屋川公園
49%
1997/04/01 相ノ内 相内
48%
1997/04/01 東相ノ内 東相内
47%
2002/12/01 種差 種差海岸
47%
1997/03/22 川渡 川渡温泉
45%
1990/11/20 弟子屈 摩周
42%
1997/03/22 東鳴子 鳴子御殿湯
42%
1997/03/22 中山平 中山平温泉
42%
1988/03/13 岩手松尾 松尾八幡平
41%
1994/03/12 北鹿島 鹿島サッカースタジアム
41%
1995/09/01 神足 長岡京
41%
1997/03/08 田辺 京田辺
41%
1993/03/18 知井宮 西出雲
39%
1999/03/13 出雲大社口 出雲神西
36%
1999/12/04 瀬見 瀬見温泉
35%
2015/03/14 寺井 能美根上
35%
1995/12/01 湯瀬 湯瀬温泉
33%
1990/11/01 加久藤 えびの
32%
1992/07/01 北上ノ山 茂吉記念館前
32%
1992/10/01 小波瀬 小波瀬西工大前
32%
1999/12/04 蟹沢 さくらんぼ東根
32%
1990/11/01 京町 京町温泉
31%
1999/12/04 羽前赤倉 赤倉温泉
31%
2008/03/15 筑前新宮 福工大前
30%
1999/12/04 楯岡 村山
27%
2003/03/15 霧島西口 霧島温泉
27%
1990/11/01 飯野 えびの飯野
26%
1991/06/20 陸中大石 ゆだ錦秋湖
26%
1995/03/16 大学前 北海道医療大学
25%
2004/03/13 熊本工大前 崇城大学前
25%
2008/06/15 大篠津 米子空港
25%
1990/04/01 野村 西脇市
24%
1993/04/01 初鹿野 甲斐大和
24%
1995/03/16 釜谷臼 あいの里公園
24%
1990/11/01 上江 えびの上江
23%
2003/03/15 城戸 城戸南蔵院前
22%
1991/06/20 岩手湯田 ゆだ高原
21%
1989/03/11 白木原 大野城
20%
1995/03/16 東篠路 拓北
20%
1994/12/03 会津檜原 会津桧原
18%
1988/03/13 二枚橋 花巻空港
17%
1991/03/16 糠ノ目 高畠
17%
1997/03/22 上岩出山 西大崎
17%
1997/03/08 上田辺 JR三山木
17%
2008/06/15 御崎口 大篠津町
16%
1990/05/01 筑後千足 うきは
14%
1999/12/04 羽前向町 最上
14%
2004/03/13 川尻 十王
14%
1990/11/01 新中原 九州工大前
13%
1994/12/03 高瀬大坊 みの
13%
1988/03/13 龍ケ森 安比高原
12%
1993/04/01 別田 春日居町
12%
2004/03/13 下田 香芝
11%
1993/10/01 三田川 吉野ケ里公園
10%
1997/03/22 西岩出山 上野目
10%
1996/03/16 殿田 日吉
6%
2000/12/02 陸奥黒崎 白神岳登山口
6%
1988/03/13 大坂間 球泉洞
5%
1990/11/01 牧口 豊後清川
3%
No matching quizzes found
Score Distribution
Percent of People with Each Score
Percentile by Number Answered
Your Score History
You have not taken this quiz